| 000 | 00676nam a2200205Ia 4500 | ||
|---|---|---|---|
| 003 | GCL | ||
| 008 | 140319s9999 xx 000 0 ara d | ||
| 040 |
_aGCL / _cGCL |
||
| 082 | 0 | 4 |
_a956.904 _bا ب |
| 100 | 1 | _aاحمد عبدالرحيم مصطفى | |
| 245 | 1 | 0 |
_aبريطتنيا وفلسطين 1945 - 1949 : دراسة وثائقية / _cاحمد عبدالرحيم مصطفى |
| 300 | _a201 ص | ||
| 490 | _a | ||
| 650 | 0 | 4 | _aالنزاع العربى الاسرائيلى |
| 650 | 0 | 4 | _aبريطانيا |
| 650 | 0 | 4 | _aسياسة |
| 650 | 0 | 4 | _aالصراع العربى الاسرائيلى |
| 650 | 0 | 4 | _aفلسطين - تاريخ - 1945 - 1949 |
| 942 |
_2ddc _cBK |
||
| 999 |
_c41051 _d41051 |
||